Factors Affecting the Performance of Enterprises and Their Impact on Macroeconomic Indicators of the Business Environment of Slovakia
Zdôraznenie trendu rozvoja základných inštitútov podnikania v porovnaní s krajinami v EÚ prostredníctvom analytických a grafických metód na hodnotenie vplyvu základných inštitútov v podnikaní. Štatistické výsledky poukázali na odchýlku minimálnej mzdy približne o 24% prostredníctvom regresnej analýz...
Salvato in:
| Autore principale: | |
|---|---|
| Natura: | Capitolo di libro |
| Lingua: | inglese |
| Soggetti: | |
| Tags: |
Nessun Tag, puoi essere il primo ad aggiungerne!!
|
MARC
| LEADER | 00000nla a2200000 4500 | ||
|---|---|---|---|
| 001 | 0247123 | ||
| 005 | 20240417075144.2 | ||
| 041 | 0 | |a eng | |
| 044 | |a SK | ||
| 245 | 1 | 0 | |a Factors Affecting the Performance of Enterprises and Their Impact on Macroeconomic Indicators of the Business Environment of Slovakia |c Katarína Teplická |
| 520 | |a Zdôraznenie trendu rozvoja základných inštitútov podnikania v porovnaní s krajinami v EÚ prostredníctvom analytických a grafických metód na hodnotenie vplyvu základných inštitútov v podnikaní. Štatistické výsledky poukázali na odchýlku minimálnej mzdy približne o 24% prostredníctvom regresnej analýzy. | ||
| 610 | 2 | 0 | |a prostredie podnikateľské |
| 610 | 2 | 0 | |a konkurencieschopnosť |
| 610 | 2 | 0 | |a výkonnosť ekonomiky |
| 610 | 2 | 0 | |a mzdy minimálne |
| 610 | 2 | 0 | |a mzdy priemerné |
| 610 | 2 | 0 | |a dane |
| 610 | 2 | 0 | |a ukazovatele makroekonomické |
| 610 | 2 | 0 | |a analýza regresná |
| 100 | 1 | |a Teplická, Katarína | |